[Event "DVM U10 2023"]
[Site "Magdeburg GER"]
[Date "2023.12.27"]
[Round "1"]
[White "Buff, Hannes"]
[Black "Roycroft, Joris Brian"]
[Result "0-1"]
[Termination "normal"]
[Board "16.2"]
[WhiteElo "849"]
[BlackElo "1031"]
[WhiteClock "00:32:03"]
[BlackClock "00:41:10"]
[WhiteTeam "SC Turm Erfurt"]
[BlackTeam "SK Johanneum Eppendorf"]
[PlyCount "92"]
[EventCountry "GER"]
[EventRounds "7"]
[EventType "team-swiss"]
[EventDate "2023.12.27"]

1. e4 {[%clk 00:55:06]} {[%emt 00:00:03]} c5 {[%clk 00:55:07]} {[%emt
00:00:04]} 2. d4 {[%clk 00:55:02]} {[%emt 00:00:09]} cxd4 {[%clk 00:55:07]}
{[%emt 00:00:05]} 3. c3 {[%clk 00:54:57]} {[%emt 00:00:09]} Nf6 {[%clk
00:54:55]} {[%emt 00:00:17]} 4. Bd3 {[%clk 00:54:32]} {[%emt 00:00:29]} dxc3
{[%clk 00:54:51]} {[%emt 00:00:10]} 5. Nxc3 {[%clk 00:54:25]} {[%emt 00:00:10]}
Nc6 {[%clk 00:54:53]} {[%emt 00:00:05]} 6. Nf3 {[%clk 00:54:05]} {[%emt
00:00:26]} e6 {[%clk 00:54:52]} {[%emt 00:00:06]} 7. O-O {[%clk 00:53:11]}
{[%emt 00:00:58]} Bb4 {[%clk 00:53:57]} {[%emt 00:01:00]} 8. Bf4 {[%clk
00:52:29]} {[%emt 00:00:46]} d5 {[%clk 00:53:19]} {[%emt 00:00:44]} 9. exd5
{[%clk 00:51:31]} {[%emt 00:01:02]} Nxd5 {[%clk 00:53:06]} {[%emt 00:00:17]}
10. Nxd5 {[%clk 00:49:58]} {[%emt 00:01:40]} Qxd5 {[%clk 00:52:51]} {[%emt
00:00:17]} 11. a3 {[%clk 00:49:21]} {[%emt 00:00:46]} Be7 {[%clk 00:51:58]}
{[%emt 00:00:57]} 12. Rc1 {[%clk 00:48:52]} {[%emt 00:00:34]} O-O {[%clk
00:51:29]} {[%emt 00:00:35]} 13. Qe2 {[%clk 00:48:39]} {[%emt 00:00:16]} Bd7
{[%clk 00:50:49]} {[%emt 00:00:46]} 14. Rfd1 {[%clk 00:48:23]} {[%emt
00:00:16]} Qa5 {[%clk 00:50:33]} {[%emt 00:00:25]} 15. Bxh7+ {[%clk 00:47:57]}
{[%emt 00:00:31]} Kxh7 {[%clk 00:50:33]} {[%emt 00:00:07]} 16. Rxd7 {[%emt
00:00:10]} Rad8 {[%emt 00:00:25]} 17. Rxd8 {[%clk 00:46:59]} {[%emt 00:00:27]}
Rxd8 {[%emt 00:00:09]} 18. h3 {[%emt 00:00:33]} Bf6 {[%clk 00:48:59]} {[%emt
00:00:58]} 19. Ng5+ {[%clk 00:44:50]} {[%emt 00:02:13]} Bxg5 {[%clk 00:48:50]}
{[%emt 00:00:14]} 20. Qh5+ {[%clk 00:44:43]} {[%emt 00:00:11]} Bh6 {[%clk
00:47:22]} {[%emt 00:01:34]} 21. Qxa5 {[%clk 00:44:25]} {[%emt 00:00:24]} Nxa5
{[%clk 00:47:19]} {[%emt 00:00:07]} 22. Bxh6 {[%clk 00:44:19]} {[%emt
00:00:10]} Kxh6 {[%clk 00:47:19]} {[%emt 00:00:07]} 23. g4 {[%clk 00:44:04]}
{[%emt 00:00:19]} Kg6 {[%clk 00:46:05]} {[%emt 00:01:19]} 24. g5 {[%clk
00:43:40]} {[%emt 00:00:29]} a6 {[%clk 00:45:26]} {[%emt 00:00:44]} 25. h4
{[%clk 00:43:26]} {[%emt 00:00:19]} Rd2 {[%clk 00:45:17]} {[%emt 00:00:14]} 26.
f4 {[%clk 00:42:49]} {[%emt 00:00:42]} Rxb2 {[%clk 00:45:05]} {[%emt 00:00:17]}
27. Rc5 {[%clk 00:42:26]} Rb3 {[%clk 00:45:05]} 28. Rc4 {[%clk 00:42:26]}
{[%emt 00:00:27]} Rb2 {[%clk 00:44:47]} 29. Rc5 {[%emt 00:00:44]} Rb3 {[%emt
00:00:28]} 30. Rxa5 {[%clk 00:41:20]} {[%emt 00:00:23]} Rf3 {[%clk 00:44:22]}
{[%emt 00:00:30]} 31. Kg2 {[%clk 00:40:56]} {[%emt 00:00:30]} Rxf4 {[%clk
00:44:18]} {[%emt 00:00:08]} 32. Kg3 {[%clk 00:40:17]} {[%emt 00:00:44]} Rd4
{[%clk 00:44:05]} {[%emt 00:00:17]} 33. Rc5 {[%clk 00:38:49]} {[%emt 00:01:33]}
Rd3+ {[%clk 00:43:57]} {[%emt 00:00:10]} 34. Kg4 {[%clk 00:38:14]} {[%emt
00:00:44]} Rd4+ {[%clk 00:43:24]} {[%emt 00:00:39]} 35. Kg3 {[%clk 00:38:00]}
{[%emt 00:00:17]} Kh5 {[%clk 00:42:54]} {[%emt 00:00:35]} 36. Rc8 {[%clk
00:37:31]} {[%emt 00:00:34]} Rd3+ {[%clk 00:42:50]} {[%emt 00:00:09]} 37. Kf4
{[%emt 00:00:21]} Rd4+ {[%emt 00:00:22]} 38. Kg3 {[%emt 00:00:15]} Rg4+ {[%emt
00:00:17]} 39. Kf3 {[%clk 00:35:21]} {[%emt 00:01:01]} Kxh4 {[%clk 00:42:46]}
{[%emt 00:00:10]} 40. Rg8 {[%clk 00:34:39]} {[%emt 00:00:45]} Rxg5 {[%clk
00:42:36]} {[%emt 00:00:11]} 41. Rh8+ {[%clk 00:34:22]} {[%emt 00:00:27]} Rh5
{[%clk 00:42:07]} {[%emt 00:00:12]} 42. Rg8 {[%clk 00:33:49]} {[%emt 00:00:59]}
g6 {[%clk 00:42:03]} {[%emt 00:00:10]} 43. Rc8 {[%clk 00:33:35]} {[%emt
00:00:20]} Rf5+ {[%clk 00:41:53]} {[%emt 00:00:13]} 44. Ke4 {[%clk 00:33:16]}
{[%emt 00:00:25]} Kg5 {[%clk 00:41:46]} {[%emt 00:00:11]} 45. Rc7 {[%clk
00:32:21]} {[%emt 00:00:59]} Kf6 {[%clk 00:41:10]} {[%emt 00:00:43]} 46. Rxb7
{[%clk 00:32:03]} {[%emt 00:00:22]} Ra5 {[%emt 00:00:08]} 0-1

[Event "DVM U10 2023"]
[Site "Magdeburg GER"]
[Date "2023.12.27"]
[Round "1"]
[White "Klofta, Jona"]
[Black "Birkoben, Georgi"]
[Result "1-0"]
[Termination "normal"]
[Board "16.3"]
[WhiteElo "936"]
[BlackElo "934"]
[WhiteClock "00:44:12"]
[BlackClock "00:31:46"]
[WhiteTeam "SK Johanneum Eppendorf"]
[BlackTeam "SC Turm Erfurt"]
[PlyCount "79"]
[EventCountry "GER"]
[EventRounds "7"]
[EventType "team-swiss"]
[EventDate "2023.12.27"]

1. e4 {[%clk 00:55:08]} c5 {[%clk 00:55:05]} {[%emt 00:00:06]} 2. Nf3 {[%clk
00:55:09]} {[%emt 00:00:03]} d6 {[%clk 00:54:52]} {[%emt 00:00:19]} 3. d4
{[%clk 00:55:08]} {[%emt 00:00:06]} cxd4 {[%clk 00:54:36]} {[%emt 00:00:20]} 4.
Nxd4 {[%clk 00:55:08]} {[%emt 00:00:06]} Nf6 {[%clk 00:54:27]} {[%emt
00:00:15]} 5. Nc3 {[%clk 00:55:05]} {[%emt 00:00:07]} g6 {[%clk 00:54:11]}
{[%emt 00:00:21]} 6. Bg5 {[%clk 00:54:44]} {[%emt 00:00:25]} Bg7 {[%clk
00:54:01]} {[%emt 00:00:16]} 7. Be2 {[%clk 00:54:37]} {[%emt 00:00:12]} O-O
{[%clk 00:53:36]} {[%emt 00:00:30]} 8. O-O {[%clk 00:54:35]} {[%emt 00:00:07]}
a6 {[%clk 00:53:29]} {[%emt 00:00:12]} 9. Qd2 {[%clk 00:54:27]} {[%emt
00:00:12]} b5 {[%clk 00:53:02]} {[%emt 00:00:33]} 10. a3 {[%clk 00:54:11]}
{[%emt 00:00:21]} Nbd7 {[%clk 00:52:10]} {[%emt 00:00:57]} 11. Nc6 {[%clk
00:53:38]} {[%emt 00:00:38]} Qb6 {[%clk 00:50:36]} {[%emt 00:01:39]} 12. Nxe7+
{[%clk 00:53:22]} {[%emt 00:00:20]} Kh8 {[%clk 00:49:59]} {[%emt 00:00:42]} 13.
Bxf6 {[%clk 00:53:00]} {[%emt 00:00:28]} Bxf6 {[%clk 00:49:45]} {[%emt
00:00:18]} 14. Ned5 {[%clk 00:52:52]} {[%emt 00:00:14]} Qd8 {[%clk 00:48:24]}
{[%emt 00:01:27]} 15. Nxf6 {[%clk 00:52:47]} {[%emt 00:00:09]} Nxf6 {[%emt
00:00:11]} 16. Rad1 {[%emt 00:00:25]} Re8 {[%clk 00:46:06]} {[%emt 00:01:47]}
17. Bf3 {[%clk 00:52:00]} {[%emt 00:00:52]} Bb7 {[%clk 00:44:56]} {[%emt
00:01:15]} 18. Qxd6 {[%clk 00:51:40]} {[%emt 00:00:25]} Qxd6 {[%clk 00:44:46]}
{[%emt 00:00:15]} 19. Rxd6 {[%clk 00:51:39]} {[%emt 00:00:05]} Bxe4 {[%clk
00:44:41]} {[%emt 00:00:11]} 20. Rxf6 {[%clk 00:51:10]} {[%emt 00:00:33]} Bxc2
{[%clk 00:42:21]} {[%emt 00:02:26]} 21. Rxf7 {[%clk 00:50:53]} {[%emt
00:00:22]} Bb3 {[%clk 00:41:48]} {[%emt 00:00:38]} 22. Bxa8 {[%clk 00:50:30]}
{[%emt 00:00:28]} Bxf7 {[%clk 00:41:41]} {[%emt 00:00:12]} 23. Bb7 {[%clk
00:50:18]} {[%emt 00:00:17]} Bc4 {[%clk 00:41:16]} {[%emt 00:00:30]} 24. Rd1
{[%clk 00:49:59]} {[%emt 00:00:23]} Bd3 {[%clk 00:40:18]} {[%emt 00:01:04]} 25.
g3 {[%clk 00:49:36]} {[%emt 00:00:26]} Bc2 {[%emt 00:02:22]} 26. Rd2 {[%clk
00:49:18]} {[%emt 00:00:17]} Ba4 {[%clk 00:37:07]} {[%emt 00:01:07]} 27. Bxa6
{[%clk 00:48:56]} {[%emt 00:00:27]} Rb8 {[%clk 00:36:08]} {[%emt 00:01:04]} 28.
Rd5 {[%clk 00:47:20]} {[%emt 00:01:42]} b4 {[%clk 00:35:51]} {[%emt 00:00:22]}
29. Nxa4 {[%clk 00:46:45]} {[%emt 00:00:39]} Ra8 {[%clk 00:35:07]} {[%emt
00:00:50]} 30. Nc5 {[%clk 00:46:36]} {[%emt 00:00:13]} bxa3 {[%clk 00:34:44]}
{[%emt 00:00:28]} 31. bxa3 {[%clk 00:46:29]} {[%emt 00:00:13]} Kg7 {[%clk
00:34:37]} {[%emt 00:00:10]} 32. a4 {[%clk 00:46:24]} {[%emt 00:00:11]} Kf7
{[%clk 00:34:35]} {[%emt 00:00:07]} 33. Bb5 {[%clk 00:46:16]} {[%emt 00:00:13]}
Kg7 {[%clk 00:33:25]} {[%emt 00:01:16]} 34. Ne6+ {[%clk 00:46:07]} {[%emt
00:00:13]} Kf6 {[%clk 00:33:02]} {[%emt 00:00:28]} 35. Nf4 {[%clk 00:45:33]}
{[%emt 00:00:39]} g5 {[%clk 00:32:58]} {[%emt 00:00:09]} 36. Rd6+ {[%clk
00:44:48]} {[%emt 00:00:50]} Ke5 {[%clk 00:32:47]} {[%emt 00:00:16]} 37. Re6+
{[%clk 00:44:42]} {[%emt 00:00:11]} Kf5 {[%clk 00:32:30]} {[%emt 00:00:22]} 38.
Bd3+ {[%clk 00:44:31]} {[%emt 00:00:14]} Kg4 {[%clk 00:31:48]} {[%emt
00:00:48]} 39. h3+ {[%clk 00:44:23]} {[%emt 00:00:13]} Kf3 {[%clk 00:31:46]}
{[%emt 00:00:09]} 40. Be2# {[%clk 00:44:12]} {[%emt 00:00:09]} 1-0

[Event "DVM U10 2023"]
[Site "Magdeburg GER"]
[Date "2023.12.27"]
[Round "1"]
[White "Nowak Ledesma, Lennon Mika"]
[Black "Leibold, Neels"]
[Result "0-1"]
[Termination "normal"]
[Board "16.4"]
[WhiteElo "772"]
[BlackElo "956"]
[WhiteClock "00:35:18"]
[BlackClock "00:29:55"]
[WhiteTeam "SC Turm Erfurt"]
[BlackTeam "SK Johanneum Eppendorf"]
[PlyCount "56"]
[EventCountry "GER"]
[EventRounds "7"]
[EventType "team-swiss"]
[EventDate "2023.12.27"]

1. e4 {[%clk 00:55:05]} {[%emt 00:00:02]} e5 {[%clk 00:54:51]} {[%emt
00:00:19]} 2. Nf3 {[%clk 00:54:58]} {[%emt 00:00:13]} Nc6 {[%emt 00:00:06]} 3.
d4 {[%clk 00:54:37]} {[%emt 00:00:25]} exd4 {[%clk 00:54:48]} {[%emt 00:00:08]}
4. Bc4 {[%clk 00:53:51]} {[%emt 00:00:50]} d6 {[%clk 00:53:58]} {[%emt
00:00:55]} 5. Ng5 {[%clk 00:53:25]} {[%emt 00:00:30]} d5 {[%clk 00:53:46]}
{[%emt 00:00:18]} 6. Bxd5 {[%clk 00:53:10]} {[%emt 00:00:20]} Nh6 {[%clk
00:53:03]} {[%emt 00:00:49]} 7. Qf3 {[%clk 00:52:53]} {[%emt 00:00:20]} f6
{[%clk 00:52:13]} {[%emt 00:00:56]} 8. Qh5+ {[%clk 00:52:39]} {[%emt 00:00:14]}
g6 {[%clk 00:51:44]} {[%emt 00:00:39]} 9. Bf7+ {[%clk 00:52:30]} {[%emt
00:00:12]} Nxf7 {[%clk 00:51:35]} {[%emt 00:00:17]} 10. Qf3 {[%clk 00:51:31]}
{[%emt 00:01:02]} fxg5 {[%clk 00:51:27]} {[%emt 00:00:15]} 11. Qg3 {[%clk
00:50:49]} {[%emt 00:00:44]} Be6 {[%clk 00:50:50]} {[%emt 00:00:45]} 12. O-O
{[%clk 00:49:38]} {[%emt 00:01:15]} Bd6 {[%clk 00:50:26]} {[%emt 00:00:28]} 13.
Qd3 {[%clk 00:49:15]} {[%emt 00:00:27]} Qd7 {[%clk 00:50:00]} {[%emt 00:00:33]}
14. c3 {[%clk 00:49:00]} {[%emt 00:00:20]} dxc3 {[%emt 00:00:15]} 15. Nxc3
{[%clk 00:48:45]} {[%emt 00:00:13]} Bxh2+ {[%emt 00:00:42]} 16. Kxh2 {[%clk
00:48:10]} {[%emt 00:00:08]} Qxd3 {[%clk 00:49:52]} {[%emt 00:00:04]} 17. Rd1
{[%clk 00:47:36]} {[%emt 00:00:37]} Qc4 {[%clk 00:49:00]} {[%emt 00:00:58]} 18.
f4 {[%clk 00:46:19]} {[%emt 00:01:21]} Nd4 {[%clk 00:48:14]} {[%emt 00:00:52]}
19. fxg5 {[%clk 00:44:42]} {[%emt 00:01:42]} h6 {[%clk 00:47:25]} {[%emt
00:00:54]} 20. Be3 {[%clk 00:42:00]} {[%emt 00:02:45]} hxg5+ {[%clk 00:47:10]}
{[%emt 00:00:22]} 21. Kg1 {[%clk 00:41:20]} {[%emt 00:00:38]} Ne2+ {[%clk
00:37:52]} {[%emt 00:09:29]} 22. Nxe2 {[%clk 00:40:57]} {[%emt 00:00:27]} Qxe2
{[%emt 00:00:14]} 23. Bd4 {[%clk 00:39:59]} {[%emt 00:01:01]} Rh4 {[%clk
00:36:18]} {[%emt 00:01:34]} 24. Bf2 {[%clk 00:39:20]} {[%emt 00:00:43]} Rf4
{[%clk 00:34:59]} {[%emt 00:01:24]} 25. Rf1 {[%clk 00:38:23]} {[%emt 00:01:02]}
O-O-O {[%clk 00:33:03]} {[%emt 00:02:01]} 26. Rae1 {[%clk 00:37:35]} {[%emt
00:00:54]} Qh5 {[%clk 00:30:06]} {[%emt 00:03:02]} 27. g3 {[%clk 00:36:40]}
{[%emt 00:00:52]} Rh8 {[%clk 00:29:55]} {[%emt 00:00:24]} 28. gxf4 {[%clk
00:35:18]} {[%emt 00:01:01]} Qh1# {[%clk 00:29:55]} 0-1

[Event "DVM U10 2023"]
[Site "Magdeburg GER"]
[Date "2023.12.27"]
[Round "1"]
[White "Tran, Nhat Nam"]
[Black "Kjulbassanoff, Kilian"]
[Result "1-0"]
[Termination "normal"]
[Board "17.1"]
[WhiteElo "1302"]
[BlackElo "1224"]
[WhiteClock "00:33:16"]
[BlackClock "00:22:53"]
[WhiteTeam "Greifswalder SV"]
[BlackTeam "SV Dresden-Striesen 1990"]
[PlyCount "97"]
[WhiteFideId "34692193"]
[EventCountry "GER"]
[EventRounds "7"]
[EventType "team-swiss"]
[EventDate "2023.12.27"]

1. e4 {[%clk 00:55:08]} {[%emt 00:00:01]} e5 {[%clk 00:55:04]} {[%emt
00:00:06]} 2. Nf3 {[%clk 00:55:04]} {[%emt 00:00:08]} Nc6 {[%clk 00:54:51]}
{[%emt 00:00:18]} 3. Bc4 {[%clk 00:55:00]} {[%emt 00:00:10]} Bc5 {[%clk
00:54:29]} {[%emt 00:00:26]} 4. c3 {[%clk 00:54:49]} {[%emt 00:00:16]} d6
{[%clk 00:53:42]} {[%emt 00:00:53]} 5. d4 {[%clk 00:54:35]} {[%emt 00:00:19]}
Bb6 {[%clk 00:53:26]} {[%emt 00:00:21]} 6. Be3 {[%clk 00:53:48]} {[%emt
00:00:53]} Nf6 {[%clk 00:53:05]} {[%emt 00:00:25]} 7. Nbd2 {[%clk 00:53:26]}
{[%emt 00:00:27]} O-O {[%clk 00:52:31]} {[%emt 00:00:39]} 8. O-O {[%clk
00:53:16]} {[%emt 00:00:15]} a6 {[%clk 00:50:44]} {[%emt 00:01:53]} 9. h3
{[%clk 00:52:01]} {[%emt 00:01:19]} Be6 {[%clk 00:50:14]} {[%emt 00:00:35]} 10.
d5 {[%clk 00:51:56]} {[%emt 00:00:10]} Bd7 {[%clk 00:47:37]} {[%emt 00:02:42]}
11. dxc6 {[%clk 00:51:37]} {[%emt 00:00:24]} Bxc6 {[%clk 00:47:21]} {[%emt
00:00:21]} 12. Bxb6 {[%clk 00:51:08]} {[%emt 00:00:35]} cxb6 {[%clk 00:47:10]}
{[%emt 00:00:15]} 13. Re1 {[%clk 00:50:05]} {[%emt 00:01:07]} b5 {[%clk
00:44:21]} {[%emt 00:02:55]} 14. Bd3 {[%clk 00:49:51]} {[%emt 00:00:20]} Bd7
{[%clk 00:42:20]} {[%emt 00:02:05]} 15. Rc1 {[%clk 00:48:29]} {[%emt 00:01:27]}
Nh5 {[%clk 00:41:43]} {[%emt 00:00:42]} 16. Nxe5 {[%clk 00:47:08]} {[%emt
00:01:25]} dxe5 {[%clk 00:41:12]} {[%emt 00:00:37]} 17. Qxh5 {[%clk 00:46:55]}
{[%emt 00:00:17]} Be6 {[%clk 00:40:10]} {[%emt 00:01:07]} 18. Qe2 {[%clk
00:46:27]} {[%emt 00:00:34]} Qf6 {[%clk 00:39:35]} {[%emt 00:00:39]} 19. Qf3
{[%clk 00:45:42]} {[%emt 00:00:51]} Qg6 {[%clk 00:39:15]} {[%emt 00:00:25]} 20.
Nb3 {[%clk 00:44:14]} {[%emt 00:01:33]} Rad8 {[%clk 00:38:48]} {[%emt
00:00:31]} 21. Nc5 {[%clk 00:43:35]} {[%emt 00:00:46]} b6 {[%clk 00:37:10]}
{[%emt 00:01:42]} 22. Nxa6 {[%clk 00:42:14]} {[%emt 00:01:27]} Bc4 {[%clk
00:35:56]} {[%emt 00:01:17]} 23. Bxc4 {[%clk 00:41:38]} {[%emt 00:00:42]} bxc4
{[%clk 00:35:38]} {[%emt 00:00:23]} 24. Rcd1 {[%clk 00:41:05]} {[%emt
00:00:38]} b5 {[%clk 00:35:13]} {[%emt 00:00:31]} 25. Rxd8 {[%clk 00:40:33]}
{[%emt 00:00:36]} Rxd8 {[%clk 00:35:11]} {[%emt 00:00:08]} 26. Rd1 {[%clk
00:40:28]} {[%emt 00:00:10]} Rxd1+ {[%clk 00:34:42]} {[%emt 00:00:33]} 27. Qxd1
{[%clk 00:40:18]} {[%emt 00:00:14]} h6 {[%clk 00:34:35]} {[%emt 00:00:14]} 28.
Nc5 {[%clk 00:39:50]} {[%emt 00:00:33]} Qf6 {[%clk 00:33:34]} {[%emt 00:01:03]}
29. Qd7 {[%clk 00:39:12]} {[%emt 00:00:45]} Qb6 {[%clk 00:33:04]} {[%emt
00:00:34]} 30. Qd5 {[%clk 00:38:53]} {[%emt 00:00:25]} Qa5 {[%clk 00:32:38]}
{[%emt 00:00:31]} 31. a3 {[%clk 00:38:27]} {[%emt 00:00:32]} Qc7 {[%clk
00:31:56]} {[%emt 00:00:46]} 32. Nd7 {[%clk 00:37:45]} {[%emt 00:00:46]} Qa5
{[%clk 00:31:11]} {[%emt 00:00:51]} 33. Nxe5 {[%clk 00:37:28]} {[%emt
00:00:22]} Qc7 {[%clk 00:29:54]} {[%emt 00:01:21]} 34. Qxb5 {[%clk 00:37:00]}
{[%emt 00:00:35]} Qe7 {[%clk 00:28:58]} {[%emt 00:01:01]} 35. a4 {[%clk
00:36:25]} {[%emt 00:00:40]} f6 {[%clk 00:28:45]} {[%emt 00:00:17]} 36. Qxc4+
{[%clk 00:36:11]} {[%emt 00:00:19]} Kh7 {[%clk 00:28:16]} {[%emt 00:00:32]} 37.
Nf3 {[%clk 00:35:48]} {[%emt 00:00:30]} Qb7 {[%clk 00:27:21]} {[%emt 00:01:00]}
38. b4 {[%clk 00:35:35]} {[%emt 00:00:18]} Qd7 {[%clk 00:26:52]} {[%emt
00:00:34]} 39. b5 {[%clk 00:35:17]} {[%emt 00:00:23]} Qd1+ {[%clk 00:26:45]}
{[%emt 00:00:12]} 40. Kh2 {[%clk 00:35:08]} {[%emt 00:00:14]} Qc1 {[%clk
00:26:28]} {[%emt 00:00:21]} 41. b6 {[%clk 00:34:42]} {[%emt 00:00:32]} Qf4+
{[%clk 00:26:23]} {[%emt 00:00:09]} 42. Kh1 {[%clk 00:34:22]} {[%emt 00:00:25]}
Qc1+ {[%clk 00:25:51]} {[%emt 00:00:38]} 43. Ng1 {[%clk 00:34:20]} {[%emt
00:00:07]} Qb2 {[%clk 00:25:27]} {[%emt 00:00:29]} 44. Qb4 {[%clk 00:34:14]}
{[%emt 00:00:10]} Qxf2 {[%clk 00:25:03]} {[%emt 00:00:30]} 45. b7 {[%clk
00:33:56]} {[%emt 00:00:24]} f5 {[%clk 00:24:07]} {[%emt 00:01:01]} 46. b8=Q
{[%clk 00:33:41]} {[%emt 00:00:19]} fxe4 {[%clk 00:23:59]} {[%emt 00:00:13]}
47. Qxe4+ {[%clk 00:33:33]} {[%emt 00:00:14]} g6 {[%clk 00:23:27]} {[%emt
00:00:37]} 48. Qe7+ {[%clk 00:33:20]} {[%emt 00:00:17]} Qf7 {[%clk 00:22:53]}
{[%emt 00:00:39]} 49. Qxf7# {[%clk 00:33:16]} {[%emt 00:00:07]} 1-0